000 00740cam a2200193 4500
001 X103067
008 000000n1999 000 0 eng u
035 _a(Sirsi) u103067
245 _aTadema v Ferguson Holdings Ltd
260 _c1999
490 _aNew Property Cases
_v [1999] NPC 144, 18 November 1999
520 _aCA 18 November 1999. A notice is properly served at the proper address even although the recipient is suffering from a mental disorder. TAKEN FROM JOURNAL HEADNOTE-NO PHOTOCOPYING ALLOWED
650 _aFERGUSON V TADEMA HOLDINGS LTD
650 _aSERVING NOTICES
650 _aLAW OF PROPERTY ACT 1925
650 _aHOUSING ACT 1988
690 _aLANDLORD AND TENANT-CASE LAW-RESIDENTIAL TENANCIES
942 _n0
999 _c61937
_d61937